| 000 | 01580nam a2200385 a 4500 | ||
|---|---|---|---|
| 001 | ebr10513510 | ||
| 003 | CaPaEBR | ||
| 006 | m u | ||
| 007 | cr cn||||||||| | ||
| 008 | 110913s2012 nyu sb 001 0 eng d | ||
| 010 | _z 2011035425 | ||
| 020 | _z9781847695963 (hardback alk. paper) | ||
| 020 | _z9781847695956 (pbk. alk. paper) | ||
| 020 | _z9781847695970 (e-book) | ||
| 040 |
_aCaPaEBR _cCaPaEBR |
||
| 035 | _a(OCoLC)769263018 | ||
| 043 | _aa-si--- | ||
| 050 | 1 | 4 |
_aPE1128.A2 _bS867 2012eb |
| 082 | 0 | 4 |
_a427/.95957 _223 |
| 100 | 1 | _aStroud, Christopher. | |
| 245 | 1 | 0 |
_aStyle, identity and literacy _h[electronic resource] : _bEnglish in Singapore / _cChristopher Stroud and Lionel Wee. |
| 260 |
_aTonawanda, N.Y. : _bMultilingual Matters, _cc2012. |
||
| 300 | _axiii, 237 p. | ||
| 490 | 1 |
_aCritical language and literacy studies ; _v13 |
|
| 504 | _aIncludes bibliographical references and index. | ||
| 533 |
_aElectronic reproduction. _bPalo Alto, Calif. : _cebrary, _d2013. _nAvailable via World Wide Web. _nAccess may be limited to ebrary affiliated libraries. |
||
| 650 | 0 |
_aEnglish language _xStudy and teaching _zSingapore _xForeign speakers. |
|
| 650 | 0 |
_aNative language and education _zSingapore. |
|
| 650 | 0 |
_aMultilingualism _zSingapore. |
|
| 655 | 7 |
_aElectronic books. _2local |
|
| 700 | 1 |
_aWee, Lionel, _d1963- |
|
| 710 | 2 | _aebrary, Inc. | |
| 830 | 0 |
_aCritical language and literacy studies ; _v13. |
|
| 856 | 4 | 0 |
_uhttp://site.ebrary.com/lib/rucke/Doc?id=10513510 _zAn electronic book accessible through the World Wide Web; click to view |
| 999 |
_c117875 _d117875 |
||